Chapter 33: (Record no. 7736)

MARC details
000 -LEADER
fixed length control field 01107nam a22002777a 4500
001 - CONTROL NUMBER
control field 22497145
003 - CONTROL NUMBER IDENTIFIER
control field TZ-ArACH
005 - DATE AND TIME OF LATEST TRANSACTION
control field 20251202142602.0
008 - FIXED-LENGTH DATA ELEMENTS--GENERAL INFORMATION
fixed length control field 220407s2019 tz 000 0 eng
010 ## - LIBRARY OF CONGRESS CONTROL NUMBER
LC control number 2022324125
040 ## - CATALOGING SOURCE
Original cataloging agency DLC
Language of cataloging eng
Transcribing agency TZ-ArACH
Description conventions rda
042 ## - AUTHENTICATION CODE
Authentication code pcc
-- lcode
043 ## - GEOGRAPHIC AREA CODE
Geographic area code f-tz---
050 00 - LIBRARY OF CONGRESS CALL NUMBER
Classification number KTT353
Item number .A31 1966
110 1# - MAIN ENTRY--CORPORATE NAME
Corporate name or jurisdiction name as entry element Tanzania,
Relator term enacting jurisdiction.
240 10 - UNIFORM TITLE
Uniform title <a href="Civil Procedure Code, 1966">Civil Procedure Code, 1966</a>
245 10 - TITLE STATEMENT
Title Chapter 33:
Remainder of title The Civil Procedure Code : principal legislation
Statement of responsibility, etc The United Republic of Tanzania
260 ## - PUBLICATION, DISTRIBUTION, ETC. (IMPRINT)
Place of publication, distribution, etc The United Republic of Tanzania
Date of publication, distribution, etc 1966
300 ## - PHYSICAL DESCRIPTION
Extent 191 P.:
Dimensions 28 cm
500 ## - GENERAL NOTE
General note "Dodoma, 30th November, 2019."
500 ## - GENERAL NOTE
General note "This edition of the Civil Procedure code, Chapter 33, has been revised up to and including 30th November, 2019 and is printed under the authority of section 4 of the Laws Revision Act, Chapter 4; Adelardus L. Kilangi, Attorney General."
650 #0 - SUBJECT ADDED ENTRY--TOPICAL TERM
Topical term or geographic name as entry element Civil procedure
Geographic subdivision Tanzania.
906 ## - LOCAL DATA ELEMENT F, LDF (RLIN)
a 7
b cbc
c origode
d 2
e ncip
f 20
g y-gencatlg
942 ## - ADDED ENTRY ELEMENTS (KOHA)
Source of classification or shelving scheme Library of Congress Classification
Koha item type Books
Holdings
Home library Current library Date acquired Full call number Barcode Koha item type Public note
African Court on Human and Peoples' Rights Library African Court on Human and Peoples' Rights Library 02/12/2025 KTT353 .A31 1966 10039384 Books Bound copy

African Court on Human and Peoples' Rights | For Inquiries Contact » +255 272 510 510